[Event "4NCL/Div3/ATH vs. SCS"]
[Site "West Bromwich ENG"]
[Date "2004.06.19"]
[Round "10.5"]
[White "Stevenson, James A B"]
[Black "Bland, David"]
[Result "1/2-1/2"]
[WhiteElo "2113"]
[BlackElo "2006"]
[PlyCount "30"]
[EventDate "2004.06.19"]

1. d4 c6 2. Nf3 d5 3. c4 Nf6 4. Nc3 dxc4 5. e4 b5 6. e5 Nd5 7. a4 Nxc3 8. bxc3
e6 9. axb5 cxb5 10. Ng5 Bb7 11. Qh5 g6 12. Qg4 Be7 13. h4 h6 14. Ne4 Bxe4 15.
Qxe4 Qd5 1/2-1/2

[Event "4NCL/Div3/ATH vs. SCS"]
[Site "West Bromwich ENG"]
[Date "2004.06.19"]
[Round "10.6"]
[White "Lowry-O'Reilly, Hannah"]
[Black "Gruettner, Ralf"]
[Result "0-1"]
[WhiteElo "1590"]
[BlackElo "2055"]
[PlyCount "40"]
[EventDate "2004.06.19"]

1. d4 Nf6 2. c4 g6 3. Nc3 Bg7 4. Nf3 O-O 5. Bf4 d6 6. e3 Nbd7 7. Bd3 Nh5 8. Ne2
Nxf4 9. Nxf4 e5 10. Ne2 f5 11. e4 fxe4 12. Bxe4 exd4 13. Nfxd4 Nf6 14. Bd3 Ng4
15. O-O Qh4 16. h3 Nxf2 17. Qc2 Bxd4 18. Nxd4 Qxd4 19. Bxg6 Nd1+ 20. Kh2 Rxf1
0-1

[Event "4NCL/Div3/ATH vs. SCS"]
[Site "West Bromwich ENG"]
[Date "2004.06.19"]
[Round "10.7"]
[White "Aniecko, Colin"]
[Black "Hardy-Wallace, Daniel"]
[Result "1-0"]
[WhiteElo "1512"]
[BlackElo "1376"]
[PlyCount "81"]
[EventDate "2004.06.19"]

1. e4 Nc6 2. Nf3 d6 3. d4 Nf6 4. Nc3 Bg4 5. Be2 e6 6. Bg5 Be7 7. h3 Bh5 8. Bxf6
gxf6 9. d5 Nb8 10. g4 Bg6 11. Bb5+ c6 12. Bd3 Nd7 13. Nh4 cxd5 14. Nxg6 fxg6
15. exd5 exd5 16. Nxd5 Qa5+ 17. Nc3 Rc8 18. Qd2 d5 19. Nxd5 Qd8 20. O-O-O O-O
21. Nxe7+ Qxe7 22. Bxg6 hxg6 23. Qxd7 Qe2 24. Qd3 Qxd3 25. Rxd3 Rf7 26. Rhd1
Rfc7 27. Rd8+ Rxd8 28. Rxd8+ Kf7 29. Rd3 Ke6 30. Kd2 Rc4 31. b3 Rf4 32. Ke2 g5
33. c4 Ke5 34. Rd5+ Ke6 35. Ke3 f5 36. gxf5+ Rxf5 37. Rxf5 Kxf5 38. a4 b6 39.
b4 Ke5 40. Kd3 a6 41. Ke3 1-0

[Event "4NCL/Div3/ATH vs. SCS"]
[Site "West Bromwich ENG"]
[Date "2004.06.19"]
[Round "10.8"]
[White "Sutton, Louise"]
[Black "Wu, Claire"]
[Result "0-1"]
[WhiteElo "1000"]
[BlackElo "1296"]
[PlyCount "86"]
[EventDate "2004.06.19"]

1. e4 e5 2. d4 exd4 3. c3 dxc3 4. Nxc3 Nc6 5. Nf3 Bb4 6. Bd2 Nge7 7. Bb5 O-O 8.
O-O Bxc3 9. Bxc3 d6 10. h3 h6 11. Re1 Be6 12. Nd4 Bd7 13. Qd2 a6 14. Bc4 Ne5
15. Bb3 Kh7 16. f4 N5c6 17. Re2 Nxd4 18. Qxd4 f6 19. Bc2 Kh8 20. Rae1 Bb5 21.
Re3 Nc6 22. Qd5 Re8 23. e5 fxe5 24. fxe5 dxe5 25. Qxd8 Raxd8 26. Bxe5 Nxe5 27.
Rxe5 Rxe5 28. Rxe5 Kg8 29. b3 Re8 30. Rxe8+ Bxe8 31. Be4 b6 32. Kf2 Kf8 33. Ke3
Ke7 34. Kd3 Kd6 35. Kd4 c5+ 36. Kc3 Bc6 37. Bd3 Bxg2 38. h4 a5 39. Kc4 Kc7 40.
Kb5 g5 41. hxg5 hxg5 42. Be2 Bh3 43. a3 g4 0-1

[Event "4NCL/Div3/WGR3 vs. WES2"]
[Site "West Bromwich ENG"]
[Date "2004.06.19"]
[Round "10.1"]
[White "Lakos, Nikoletta"]
[Black "Pye, David E"]
[Result "1/2-1/2"]
[WhiteElo "2379"]
[BlackElo "2132"]
[PlyCount "55"]
[EventDate "2004.06.19"]

1. e4 e6 2. d4 d5 3. Nd2 Nc6 4. Ngf3 Nf6 5. e5 Nd7 6. Nb3 a5 7. a4 b6 8. Bb5
Ncb8 9. Ng5 Ba6 10. Qh5 g6 11. Qf3 Qe7 12. Bd2 c6 13. Bxa6 Nxa6 14. O-O Bg7 15.
Qe2 h6 16. Nf3 O-O 17. c3 Nc7 18. Nc1 c5 19. Nd3 g5 20. h3 c4 21. Nc1 f5 22.
exf6 Bxf6 23. b3 b5 24. axb5 Nb6 25. Re1 Rfe8 26. bxc4 Nxc4 27. Nb3 a4 28. Nc5
1/2-1/2

[Event "4NCL/Div3/WGR3 vs. WES2"]
[Site "West Bromwich ENG"]
[Date "2004.06.19"]
[Round "10.2"]
[White "Rutter, Nicholas"]
[Black "Pein, Malcolm"]
[Result "1/2-1/2"]
[WhiteElo "2124"]
[BlackElo "2422"]
[PlyCount "137"]
[EventDate "2004.06.19"]

1. e4 e5 2. Nf3 d6 3. d4 exd4 4. Nxd4 Nf6 5. Nc3 g6 6. Bg5 Bg7 7. Qd2 Nc6 8.
Nxc6 bxc6 9. Bd3 h6 10. Bh4 g5 11. Bg3 Nh5 12. O-O Rb8 13. Rae1 Nxg3 14. fxg3
Rxb2 15. Bc4 O-O 16. Bb3 Ba6 17. Rf3 g4 18. Rf5 Bc8 19. Rff1 Be6 20. Na4 Rxa2
21. Bxa2 Bxa2 22. Nc3 Be6 23. Ra1 Qg5 24. Qxg5 hxg5 25. Ra3 Bd4+ 26. Kh1 Rb8
27. Rb1 Rxb1+ 28. Nxb1 Kg7 29. Nd2 Kf6 30. Ra4 Bc5 31. h3 gxh3 32. gxh3 d5 33.
Kg2 Be3 34. Nf3 Bb6 35. e5+ Kg6 36. g4 c5 37. Kg3 a5 38. h4 gxh4+ 39. Nxh4+ Kg5
40. Rf4 Kh6 41. Nf5+ Kg6 42. Nh4+ Kg7 43. Nf5+ Kg6 44. Nh4+ Kg7 45. Nf5+ Kf8
46. Rf1 c4 47. Rh1 Ke8 48. Ng7+ Ke7 49. Kf4 a4 50. Nxe6 Kxe6 51. Ra1 Bd4 52.
Rxa4 Bxe5+ 53. Kf3 Bd6 54. Ra1 Ke5 55. Rd1 d4 56. Rh1 Kd5 57. Rh5+ Be5 58. Rh7
c3 59. Ke2 f6 60. Rh5 Ke4 61. Rf5 c5 62. Kd1 c4 63. Ke2 d3+ 64. Kd1 Bd4 65. Rf1
Ke5 66. Rf3 Ke4 67. Rf1 Be5 68. Rf5 Bd4 69. Rf1 1/2-1/2

[Event "4NCL/Div3/WGR3 vs. WES2"]
[Site "West Bromwich ENG"]
[Date "2004.06.19"]
[Round "10.3"]
[White "Grant, Jonathan"]
[Black "Pleasants, Allan J"]
[Result "1-0"]
[WhiteElo "2251"]
[BlackElo "2107"]
[PlyCount "60"]
[EventDate "2004.06.19"]

1. c4 e5 2. Nc3 Nf6 3. Nf3 Nc6 4. g3 d5 5. cxd5 Nxd5 6. Bg2 Be6 7. O-O Be7 8.
d4 exd4 9. Nb5 Qd7 10. Nfxd4 Nxd4 11. Nxd4 Rd8 12. Nxe6 Qxe6 13. Qa4+ c6 14.
Qxa7 O-O 15. e4 Nb4 16. Bf4 Nd3 17. Be3 Ra8 18. Qb6 Ra4 19. b3 Rb4 20. Qa5 c5
21. Rad1 b6 22. Qa6 Ne5 23. h3 Qg6 24. Qb7 Bd8 25. Bf4 Qf6 26. Rd5 Nc6 27. e5
Qg6 28. Rd6 Na5 29. Qd7 Rd4 30. Bd5 h5 1-0

[Event "4NCL/Div3/WGR3 vs. WES2"]
[Site "West Bromwich ENG"]
[Date "2004.06.19"]
[Round "10.4"]
[White "Clark, Ian C"]
[Black "Lee, Graham D"]
[Result "1/2-1/2"]
[WhiteElo "2112"]
[BlackElo "2329"]
[PlyCount "45"]
[EventDate "2004.06.19"]

1. e4 c6 2. d4 d5 3. Nc3 dxe4 4. Nxe4 Nd7 5. Bc4 Ngf6 6. Ng5 e6 7. Ne2 h6 8.
Nf3 Bd6 9. O-O Qc7 10. Re1 b6 11. Ng3 O-O 12. Bd2 Bb7 13. Qe2 c5 14. c3 Bxf3
15. gxf3 cxd4 16. cxd4 Nd5 17. Bxd5 exd5 18. Rac1 Qd8 19. Qb5 Nf6 20. Nf5 Re8
21. Rxe8+ Nxe8 22. Qxd5 Bf8 23. Qxd8 1/2-1/2

[Event "4NCL/Div3/WGR3 vs. WES2"]
[Site "West Bromwich ENG"]
[Date "2004.06.19"]
[Round "10.5"]
[White "Maduekwe, Chiedu"]
[Black "Tunks, Dominic"]
[Result "1-0"]
[WhiteElo "2127"]
[BlackElo "2024"]
[PlyCount "75"]
[EventDate "2004.06.19"]

1. d4 Nc6 2. e4 e5 3. d5 Nce7 4. c4 f5 5. Nc3 Nf6 6. Bd3 d6 7. Bg5 f4 8. Bxf6
gxf6 9. Qh5+ Ng6 10. g3 fxg3 11. hxg3 Qd7 12. f3 Qf7 13. Nge2 Bd7 14. O-O-O
O-O-O 15. Bc2 Be7 16. Ba4 Bxa4 17. Nxa4 Rdf8 18. g4 Bd8 19. Kb1 Kb8 20. Rc1 Qd7
21. b3 c5 22. dxc6 bxc6 23. Rhd1 Qe6 24. Qf5 Qxf5 25. exf5 Nh4 26. Rxd6 Nxf3
27. Rcd1 Be7 28. Rxc6 h5 29. Rd7 Ba3 30. Rcc7 hxg4 31. Rxa7 Rh1+ 32. Kc2 Ne1+
33. Kd2 Bb4+ 34. Ke3 Rh3+ 35. Ke4 Ba5 36. Nc5 Nd3 37. Rdb7+ Kc8 38. Ra8# 1-0

[Event "4NCL/Div3/WGR3 vs. WES2"]
[Site "West Bromwich ENG"]
[Date "2004.06.19"]
[Round "10.6"]
[White "Taylor, Phil"]
[Black "Cutmore, Martin J"]
[Result "1/2-1/2"]
[WhiteElo "2075"]
[BlackElo "2120"]
[PlyCount "47"]
[EventDate "2004.06.19"]

1. e4 c5 2. Nf3 e6 3. d4 cxd4 4. Nxd4 a6 5. c4 Nf6 6. Nc3 Qc7 7. a3 b6 8. Be2
Bb7 9. f3 Be7 10. Be3 d6 11. Rc1 Nbd7 12. O-O O-O 13. b4 Rac8 14. Qd2 Qb8 15.
Rfd1 Rfd8 16. Bf1 g6 17. Qf2 a5 18. Ndb5 axb4 19. axb4 d5 20. cxd5 exd5 21.
Nxd5 Bxd5 22. Rxc8 Rxc8 23. exd5 Bxb4 24. g3 1/2-1/2

[Event "4NCL/Div3/WGR3 vs. WES2"]
[Site "West Bromwich ENG"]
[Date "2004.06.19"]
[Round "10.7"]
[White "Hasman, Cengiz"]
[Black "Ferrington, Nigel M"]
[Result "1/2-1/2"]
[WhiteElo "2032"]
[BlackElo "1912"]
[PlyCount "120"]
[EventDate "2004.06.19"]

1. d4 Nf6 2. c4 g6 3. Nc3 Bg7 4. e4 d6 5. Nge2 O-O 6. Ng3 e5 7. d5 Ne8 8. h4 h5
9. Bg5 Bf6 10. Bxf6 Qxf6 11. Qd2 a5 12. O-O-O Na6 13. Bd3 Bd7 14. Rdf1 Nc5 15.
Bc2 a4 16. Nge2 Qg7 17. f4 exf4 18. Rxf4 Nf6 19. Rhf1 Ng4 20. Kb1 Ne5 21. Qd4
Rfb8 22. Nb5 Bxb5 23. cxb5 a3 24. b3 Ncd7 25. Nc3 Rc8 26. Nd1 Ra5 27. Bd3 c5
28. dxc6 bxc6 29. Bc4 Nxc4 30. Qxc4 Ne5 31. Qb4 Rxb5 32. Qxd6 Rbb8 33. Rf6 Nc4
34. Qd4 Rd8 35. Qxc4 Rxd1+ 36. Rxd1 Qxf6 37. Qd4 Qf4 38. e5 Qf5+ 39. Kc1 Re8
40. Re1 c5 41. Qe4 Qxe4 42. Rxe4 f5 43. Re2 Kf7 44. Kc2 Ke6 45. Kc3 Rd8 46. Kc4
Rd4+ 47. Kxc5 Rxh4 48. b4 Re4 49. Rxe4 fxe4 50. Kd4 e3 51. Kxe3 Kxe5 52. b5 Kd5
53. Kf4 Kc5 54. Kg5 Kxb5 55. Kxg6 Kb4 56. Kxh5 Kc3 57. g4 Kb2 58. g5 Kxa2 59.
g6 Kb1 60. g7 a2 1/2-1/2

[Event "4NCL/Div3/WGR3 vs. WES2"]
[Site "West Bromwich ENG"]
[Date "2004.06.19"]
[Round "10.8"]
[White "Khoo, Selina"]
[Black "Cutmore, David A"]
[Result "0-1"]
[WhiteElo "1608"]
[BlackElo "2102"]
[PlyCount "189"]
[EventDate "2004.06.19"]

1. e4 Nf6 2. e5 Nd5 3. d4 d6 4. exd6 cxd6 5. c3 Nc6 6. Bd3 g6 7. Nf3 Bg7 8. O-O
O-O 9. Re1 e5 10. dxe5 dxe5 11. Be4 Nde7 12. Bc2 Bg4 13. h3 Qxd1 14. Bxd1 Be6
15. Nbd2 h6 16. Bb3 Bxb3 17. Nxb3 b6 18. Bd2 Rad8 19. Rad1 Rd7 20. Bc1 Rfd8 21.
Rd2 Rxd2 22. Bxd2 f5 23. Bc1 Kh7 24. Kf1 e4 25. Nfd2 Ne5 26. Rd1 Nd5 27. Nd4
Nd3 28. N2b3 N5f4 29. Bxf4 Nxf4 30. Rd2 Bf6 31. Ne2 Nd3 32. Ned4 Bg5 33. Rc2
Re8 34. Re2 Nf4 35. Re1 Nd5 36. Nc2 Nf4 37. Ncd4 Nd5 38. Nc2 f4 39. Kg1 Bh4 40.
Re2 Re7 41. Kf1 Bg5 42. Kg1 e3 43. Kf1 Nf6 44. fxe3 Ne4 45. Kg1 fxe3 46. Ncd4
Bh4 47. Rc2 Bf2+ 48. Kh2 Rf7 49. Nf3 g5 50. Nbd4 h5 51. Ne2 g4 52. Nfd4 Be1 53.
hxg4 hxg4 54. Kg1 Bf2+ 55. Kh2 g3+ 56. Kh1 Rf6 57. Ng1 Be1 58. Ngf3 Rh6+ 59.
Kg1 Bf2+ 60. Kf1 Rh1+ 61. Ke2 Nf6 62. Kd3 Rh2 63. Nf5 Rxg2 64. Nxe3 Rh2 65. Rc1
Bxe3 66. Kxe3 Rxb2 67. Ra1 Rc2 68. Kd3 Rf2 69. Nd4 g2 70. Rg1 Rxa2 71. Ne2 Nd5
72. c4 Ra3+ 73. Kd4 Ne3 74. Nf4 Nf5+ 75. Ke5 Ra5+ 76. Ke4 Nd6+ 77. Kd3 Ra3+ 78.
Kd4 Ra4 79. Rxg2 Rxc4+ 80. Ke5 Nf7+ 81. Kf5 Nh6+ 82. Ke5 Rc5+ 83. Ke6 Rc6+ 84.
Ke5 Nf7+ 85. Kf5 Rh6 86. Ne6 Nd6+ 87. Ke5 Nc4+ 88. Kd4 Rxe6 89. Kxc4 Rg6 90.
Ra2 Rg7 91. Ra6 Kg6 92. Ra3 Kf5 93. Re3 Kf4 94. Re1 Rg3 95. Kb5 0-1

[Event "4NCL/Div3/BRI2 vs. SWD2"]
[Site "West Bromwich ENG"]
[Date "2004.06.19"]
[Round "10.1"]
[White "Dilleigh, Stephen P"]
[Black "Morris, Charles F"]
[Result "1/2-1/2"]
[WhiteElo "2163"]
[BlackElo "2225"]
[PlyCount "64"]
[EventDate "2004.06.19"]

1. d4 d5 2. c4 c6 3. e3 Nf6 4. Nc3 a6 5. Nf3 Bg4 6. Be2 b5 7. b3 e6 8. O-O Nbd7
9. h3 Bh5 10. Ne5 Bxe2 11. Nxe2 Nxe5 12. dxe5 Nd7 13. cxd5 cxd5 14. Bb2 Bc5 15.
Rc1 Rc8 16. Nf4 O-O 17. Qg4 Kh8 18. Nd3 Be7 19. Rxc8 Qxc8 20. Rc1 Qb7 21. Qd1
Rc8 22. Rc2 Kg8 23. Qc1 Rxc2 24. Qxc2 Kf8 25. Bd4 Ke8 26. f4 g6 27. Nf2 Kd8 28.
Kf1 b4 29. g4 Qb5+ 30. Kg2 Nb8 31. g5 Nc6 32. Ng4 Kd7 1/2-1/2

[Event "4NCL/Div3/BRI2 vs. SWD2"]
[Site "West Bromwich ENG"]
[Date "2004.06.19"]
[Round "10.2"]
[White "Blackburn, Jonathan L B"]
[Black "White, Michael"]
[Result "0-1"]
[WhiteElo "2165"]
[BlackElo "2068"]
[PlyCount "106"]
[EventDate "2004.06.19"]

1. d4 d6 2. c4 g6 3. Nc3 Bg7 4. e4 Nf6 5. f3 O-O 6. Be3 c5 7. Nge2 Nc6 8. Qd2
Qa5 9. d5 Ne5 10. Nf4 a6 11. b3 Bd7 12. Na4 Qc7 13. Nb2 b5 14. Rc1 e6 15. dxe6
fxe6 16. Be2 b4 17. O-O Nc6 18. h4 e5 19. Nd5 Nxd5 20. cxd5 Nd4 21. f4 Nxe2+
22. Qxe2 Bb5 23. Nc4 Qe7 24. g3 exf4 25. Bxf4 Rae8 26. Rfe1 Rxf4 27. gxf4 Qxh4
28. Qf3 Rf8 29. Rf1 Bh6 30. Qh1 Qxh1+ 31. Kxh1 Bxc4 32. Rxc4 Bxf4 33. Kg2 g5
34. a3 a5 35. a4 Kg7 36. e5 Bxe5 37. Rxf8 Kxf8 38. Rc1 Kg7 39. Rf1 h5 40. Rh1
Kg6 41. Rf1 Bf4 42. Re1 g4 43. Re8 h4 44. Kf1 h3 45. Rh8 Be5 46. Rh4 Kg5 47.
Rh7 Kf4 48. Rh5 Ke4 49. Rh4 Kf3 50. Rh5 h2 51. Rf5+ Kg3 52. Rh5 Bf6 53. Rh6 Bh4
0-1

[Event "4NCL/Div3/BRI2 vs. SWD2"]
[Site "West Bromwich ENG"]
[Date "2004.06.19"]
[Round "10.3"]
[White "Easton, Alex"]
[Black "Kett, Timothy"]
[Result "1/2-1/2"]
[WhiteElo "2091"]
[BlackElo "2180"]
[PlyCount "38"]
[EventDate "2004.06.19"]

1. Nf3 Nc6 2. d4 d5 3. c4 Bg4 4. cxd5 Bxf3 5. gxf3 Qxd5 6. e3 e5 7. Nc3 Bb4 8.
Bd2 Bxc3 9. bxc3 exd4 10. cxd4 Nf6 11. Bg2 O-O 12. O-O Rad8 13. Qb3 Qg5 14.
Rfd1 Rd6 15. e4 Qh5 16. Be3 Nd7 17. Qxb7 Rg6 18. Bf4 f5 19. Qb3+ Kh8 1/2-1/2

[Event "4NCL/Div3/BRI2 vs. SWD2"]
[Site "West Bromwich ENG"]
[Date "2004.06.19"]
[Round "10.4"]
[White "Spice, Alan"]
[Black "Sisask, Jesper"]
[Result "1/2-1/2"]
[WhiteElo "2161"]
[BlackElo "2038"]
[PlyCount "69"]
[EventDate "2004.06.19"]

1. Nc3 d5 2. e4 d4 3. Nce2 e5 4. Ng3 Be6 5. c3 c5 6. Nf3 f6 7. Bb5+ Nd7 8. Qe2
Ne7 9. Bc4 Qb6 10. a4 Bxc4 11. Qxc4 Qa6 12. Qxa6 bxa6 13. d3 Rb8 14. Nd2 Nc6
15. Kd1 Nb6 16. Kc2 Kd7 17. b3 g6 18. Ba3 Bd6 19. Ne2 Rhc8 20. g4 dxc3 21. Kxc3
Nd4 22. Ng3 Rb7 23. h4 Rcb8 24. h5 g5 25. Nf5 Na8 26. Rab1 Bf8 27. Nxd4 cxd4+
28. Kb2 Bxa3+ 29. Kxa3 Nc7 30. b4 Ne6 31. Rhd1 Rc7 32. Nc4 Nf4 33. Kb3 Rbc8 34.
Rbc1 Rb8 35. Ka3 1/2-1/2

[Event "4NCL/Div3/BRI2 vs. SWD2"]
[Site "West Bromwich ENG"]
[Date "2004.06.19"]
[Round "10.5"]
[White "Stock, Toby"]
[Black "Sully, David"]
[Result "1/2-1/2"]
[WhiteElo "2048"]
[BlackElo "2119"]
[PlyCount "62"]
[EventDate "2004.06.19"]

1. d4 e6 2. c4 Nf6 3. Nc3 d5 4. cxd5 exd5 5. Bg5 c6 6. Qc2 Be7 7. e3 Nbd7 8.
Bd3 O-O 9. Nge2 Re8 10. O-O Nf8 11. f3 Nh5 12. Bxe7 Qxe7 13. e4 dxe4 14. fxe4
Be6 15. Rf2 Rad8 16. d5 Bc8 17. Bc4 Qc5 18. Bb3 Nf6 19. h3 Ng6 20. Qd3 cxd5 21.
exd5 Re3 22. Qd4 Qxd4 23. Nxd4 a6 24. Rd1 Rd6 25. a4 Ne7 26. Nc2 Re5 27. Na3
Rg5 28. Nc4 Rd8 29. d6 Nc6 30. Kh2 Be6 31. Ba2 b5 1/2-1/2

[Event "4NCL/Div3/BRI2 vs. SWD2"]
[Site "West Bromwich ENG"]
[Date "2004.06.19"]
[Round "10.6"]
[White "Brown, Alan M"]
[Black "Djabri, Kathy"]
[Result "1/2-1/2"]
[WhiteElo "2113"]
[BlackElo "2042"]
[PlyCount "66"]
[EventDate "2004.06.19"]

1. d4 Nf6 2. c4 d6 3. Nc3 g6 4. e4 Bg7 5. Be2 O-O 6. Bg5 c6 7. Qd2 Qa5 8. Nf3
a6 9. O-O Nbd7 10. Rad1 Re8 11. Rfe1 e5 12. Bf1 Qc7 13. dxe5 dxe5 14. h3 Nf8
15. Qd6 Qxd6 16. Rxd6 Ne6 17. Be3 Nh5 {=} 18. Red1 Bf8 19. R6d2 f6 20. a3 Be7
21. Bb6 Nf8 22. Na4 Nf4 23. Bd8 Bxd8 24. Rxd8 Rxd8 25. Rxd8 N4e6 26. Rd6 Kf7
27. c5 Ke7 28. b4 Rb8 29. Nb6 Ng7 30. Bc4 Ne8 31. Rd2 Nd7 32. Nxd7 Bxd7 33. Kf1
Be6 1/2-1/2

[Event "4NCL/Div3/BRI2 vs. SWD2"]
[Site "West Bromwich ENG"]
[Date "2004.06.19"]
[Round "10.7"]
[White "Chaplin, Peter"]
[Black "Adams, Mark A"]
[Result "0-1"]
[WhiteElo "2072"]
[BlackElo "1973"]
[PlyCount "122"]
[EventDate "2004.06.19"]

1. Nc3 c5 2. Nf3 Nc6 3. e4 e6 4. d3 d6 5. g3 g6 6. Bg2 Bg7 7. Be3 Nge7 8. Qd2
a6 9. O-O Nd4 10. Nh4 O-O 11. f4 f5 12. Nd1 Rb8 13. c3 Ndc6 14. Nf3 b6 15. Ng5
h6 16. Nf3 Kh7 17. exf5 gxf5 18. d4 Bd7 19. dxc5 dxc5 20. Qe2 a5 21. Nf2 Nd5
22. Rad1 Qc7 23. Bc1 Rbd8 24. Rfe1 Bc8 25. Nd3 Rd6 26. Nfe5 Nxe5 27. fxe5 Rdd8
28. Nf4 Nxf4 29. Bxf4 Rxd1 30. Rxd1 Rd8 31. Rd6 Rxd6 32. exd6 Qd7 33. Be5 Bf8
34. Qh5 Bg7 35. Qe2 Bf8 36. Qd3 Bg7 37. Qe3 Bf8 38. Qf4 Ba6 39. g4 Bc8 40. gxf5
exf5 41. Bd5 Qe8 42. Kf2 Bd7 43. Qg3 Qg6 44. Qd3 Qg5 45. Bb3 Bg7 46. Bg3 b5 47.
Qd5 c4 48. Bc2 Kg6 49. Qd1 b4 50. h4 Qf6 51. h5+ Kh7 52. Qd5 bxc3 53. bxc3 Be6
54. Qxa5 Qg5 55. Bd1 Qd2+ 56. Be2 f4 57. Bxf4 Qxf4+ 58. Bf3 Qd2+ 59. Kg3 Qxd6+
60. Kg2 Qd2+ 61. Kg1 Bd4+ 0-1

[Event "4NCL/Div3/BRI2 vs. SWD2"]
[Site "West Bromwich ENG"]
[Date "2004.06.19"]
[Round "10.8"]
[White "Wilson, Julie"]
[Black "Humphreys, Jerry"]
[Result "0-1"]
[WhiteElo "1720"]
[BlackElo "2088"]
[PlyCount "112"]
[EventDate "2004.06.19"]

1. d4 Nf6 2. c4 b6 3. Nf3 Bb7 4. Nc3 e6 5. Bg5 Be7 6. e3 h6 7. Bh4 O-O 8. Bd3
c5 9. O-O Nc6 10. dxc5 bxc5 11. a3 d6 12. Bc2 Nh5 13. Bxe7 Qxe7 14. Ne4 f5 15.
Ng3 Nxg3 16. fxg3 Rad8 17. Nh4 Ne5 18. Qd2 Qc7 19. Qc3 Qc6 20. Rad1 Rf7 21. Rd2
Qc7 22. b3 Bc6 23. Rdf2 Rdf8 24. Qe1 Be4 25. Qe2 g5 26. Nf3 Ng4 27. Bxe4 Nxf2
28. Bc2 Ne4 29. Nd2 Nxd2 30. Qxd2 Qe7 31. Qe2 Qf6 32. h3 Qe5 33. Qh5 Rf6 34.
Qf3 Kg7 35. a4 R8f7 36. Kh2 d5 37. Qf2 Rd7 38. Re1 dxc4 39. bxc4 Qc3 40. Re2
Qxc4 41. Qe1 Qb4 42. Qc1 Rff7 43. Qa1+ Kg8 44. e4 Qc4 45. Qe1 f4 46. gxf4 Rxf4
47. e5 Rdf7 48. Qd1 Rf1 49. Qd8+ Rf8 50. Qd2 Qf4+ 51. Qxf4 R1xf4 52. Bb3 c4 53.
Ba2 Rf2 54. Rxf2 Rxf2 55. Bxc4 Kf7 56. Kg3 Rf5 0-1

[Event "4NCL/Div3/WES2 vs. AD2"]
[Site "West Bromwich ENG"]
[Date "2004.06.20"]
[Round "11.1"]
[White "Pleasants, Allan J"]
[Black "Anderton, David W"]
[Result "0-1"]
[WhiteElo "2107"]
[BlackElo "2256"]
[PlyCount "74"]
[EventDate "2004.06.20"]

1. c4 f5 2. Nf3 Nf6 3. Nc3 d6 4. d4 g6 5. Bg5 Bg7 6. Qc2 O-O 7. e3 c6 8. Be2
Qc7 9. O-O e5 10. dxe5 dxe5 11. Bxf6 Bxf6 12. c5 Be6 13. Nd2 Na6 14. Bxa6 bxa6
15. Qa4 Rab8 16. Rab1 Be7 17. Qxa6 Bxc5 18. a3 Rfd8 19. Nc4 e4 20. Rfc1 Rd3 21.
b4 Bf8 22. Ne2 Bh6 23. Rc2 Rbd8 24. Nd4 f4 25. Nb2 R3xd4 26. exd4 Bd5 27. Nc4
Bg7 28. Rd1 Qd7 29. Ne5 Bxe5 30. dxe5 Re8 31. Qe2 Rxe5 32. Rc5 Qe7 33. Qg4 f3
34. g3 e3 35. fxe3 Rxe3 36. Qd4 Re1+ 37. Kf2 Qe2# 0-1

[Event "4NCL/Div3/WES2 vs. AD2"]
[Site "West Bromwich ENG"]
[Date "2004.06.20"]
[Round "11.2"]
[White "Graham, David B"]
[Black "Pye, David E"]
[Result "1/2-1/2"]
[WhiteElo "2237"]
[BlackElo "2132"]
[PlyCount "84"]
[EventDate "2004.06.20"]

1. e4 Nc6 2. Nf3 d6 3. d4 Nf6 4. Nc3 a6 5. a4 g6 6. Be2 Bg7 7. O-O O-O 8. h3 e5
9. dxe5 dxe5 10. Bg5 Be6 11. Bh4 Qxd1 12. Rfxd1 Nh5 13. Nd5 Bxd5 14. exd5 Nb8
15. Bc4 h6 16. Be7 Re8 17. Ba3 Bf8 18. d6 cxd6 19. Bxd6 Nc6 20. Bxf8 Kxf8 21.
Rd7 Re7 22. Rxe7 Kxe7 23. Re1 Kf6 24. Bd5 Re8 25. Nd2 Nf4 26. Ne4+ Ke7 27. Bxc6
bxc6 28. Nc5 Ne6 29. Nxa6 c5 30. b4 cxb4 31. Nxb4 Ra8 32. a5 Kd6 33. a6 f6 {=}
34. Ra1 Kc5 35. c3 Nc7 36. Kf1 Nb5 37. Rc1 Kc4 38. Ke1 Kb3 39. Rb1+ Kc4 40. Rc1
Kb3 41. Rb1+ {=} 41... Kc4 42. Rc1 Kb3 1/2-1/2

[Event "4NCL/Div3/WES2 vs. AD2"]
[Site "West Bromwich ENG"]
[Date "2004.06.20"]
[Round "11.3"]
[White "Rutter, Nicholas"]
[Black "Broom, Mark"]
[Result "1-0"]
[WhiteElo "2124"]
[BlackElo "2170"]
[PlyCount "111"]
[EventDate "2004.06.20"]

1. e4 c6 2. d4 d5 3. e5 Bf5 4. Nc3 e6 5. g4 Bg6 6. Nge2 Ne7 7. Be3 h5 8. Nf4
hxg4 9. Nxg6 Nxg6 10. Qxg4 Nh4 11. Bd3 g6 12. O-O-O Nf5 13. Bxf5 gxf5 14. Qg5
Qxg5 15. Bxg5 Nd7 16. h4 Be7 17. Rde1 a6 18. Ne2 c5 19. c3 Rc8 20. Bxe7 Kxe7
21. Kd2 Nb8 22. h5 cxd4 23. cxd4 Rh6 24. Rh3 Nc6 25. a3 Rg8 26. Reh1 Rg4 27. f3
Rg8 28. b4 Na7 29. Rc1 Kd7 30. f4 Rg2 31. Rg1 Rg4 32. Rxg4 fxg4 33. Rh4 Nb5 34.
a4 Na3 35. Ng3 Nc4+ 36. Ke2 Nb2 37. a5 Kc6 38. Rxg4 Kb5 39. Rg7 Kc4 40. Rxf7
Kxd4 41. Rf6 Rh8 42. Rxe6 Kc3 43. h6 d4 44. Ne4+ Kc2 45. Rd6 d3+ 46. Kf3 Nc4
47. Rd4 Nb2 48. e6 Rxh6 49. e7 Re6 50. Rd7 Nc4 51. Rxd3 b5 52. axb6 Nxb6 53.
Rd6 Rxe7 54. Rxb6 Kb3 55. Nc5+ Kc4 56. Nxa6 1-0

[Event "4NCL/Div3/WES2 vs. AD2"]
[Site "West Bromwich ENG"]
[Date "2004.06.20"]
[Round "11.4"]
[White "Wallace, Paul"]
[Black "Clark, Ian C"]
[Result "1-0"]
[WhiteElo "2166"]
[BlackElo "2112"]
[PlyCount "29"]
[EventDate "2004.06.20"]

1. e4 c5 2. Nf3 Nc6 3. d4 cxd4 4. Nxd4 e5 5. Nb5 a6 6. Nd6+ Bxd6 7. Qxd6 Qf6 8.
Qc7 Nge7 9. Nc3 O-O 10. Be3 Nd4 11. Bd3 Re8 12. O-O d6 13. f4 Qh6 14. Qb6 Qf6
15. fxe5 1-0

[Event "4NCL/Div3/WES2 vs. AD2"]
[Site "West Bromwich ENG"]
[Date "2004.06.20"]
[Round "11.5"]
[White "Tunks, Dominic"]
[Black "Mangwengwende, John"]
[Result "0-1"]
[WhiteElo "2024"]
[BlackElo "2140"]
[PlyCount "70"]
[EventDate "2004.06.20"]

1. e4 e5 2. Nf3 Nc6 3. Bb5 a6 4. Ba4 Nf6 5. O-O Be7 6. Re1 b5 7. Bb3 O-O 8. Nc3
d6 9. Nd5 Be6 10. c3 Bxd5 11. Bxd5 Nxd5 12. exd5 Na5 13. a4 Nc4 14. a5 c6 15.
d3 e4 16. Rxe4 cxd5 17. Rxe7 Qxe7 18. dxc4 dxc4 19. Be3 Rfe8 20. Nd4 Qe4 21.
Qh5 Re5 22. Qh3 Rae8 23. Rd1 f5 24. g3 g6 25. Qf1 Rd5 26. Rd2 Rc8 27. Qd1 Re8
28. Re2 Kf7 29. b3 Qg4 30. f3 Qxf3 31. Qf1 Qxf1+ 32. Kxf1 cxb3 33. Kf2 Rc5 34.
Nxb3 Rxc3 35. Nd4 Re4 0-1

[Event "4NCL/Div3/WES2 vs. AD2"]
[Site "West Bromwich ENG"]
[Date "2004.06.20"]
[Round "11.6"]
[White "Beveridge, Nigel"]
[Black "Taylor, Phil"]
[Result "1/2-1/2"]
[WhiteElo "2028"]
[BlackElo "2075"]
[PlyCount "73"]
[EventDate "2004.06.20"]

1. e4 c6 2. Nc3 d5 3. Nf3 Bg4 4. h3 Bxf3 5. Qxf3 e6 6. g3 Nf6 7. d3 Nbd7 8. Bg2
d4 9. Nb1 Bd6 10. O-O O-O 11. Qe2 e5 12. Nd2 b5 13. Nf3 Qc7 14. Nh4 Rac8 15.
Nf5 c5 16. a4 a6 17. axb5 axb5 18. Ra6 Nb6 19. Bg5 Ne8 20. Qg4 f6 21. Bd2 Ra8
22. Rxa8 Nxa8 23. Ra1 Qb7 24. f4 Nb6 25. Nxd6 Nxd6 26. Qe6+ Nf7 27. fxe5 fxe5
28. Ra5 Na4 29. Qb3 Rb8 30. Bf3 Kf8 31. Qa3 Qb6 32. b3 Nc3 33. Ra6 Qc7 34. Ra7
Qb6 35. Bxc3 dxc3 36. Ra6 Qc7 37. Ra7 1/2-1/2

[Event "4NCL/Div3/WES2 vs. AD2"]
[Site "West Bromwich ENG"]
[Date "2004.06.20"]
[Round "11.7"]
[White "Footner, Andrew F"]
[Black "Spanton, Timothy"]
[Result "1-0"]
[WhiteElo "2008"]
[BlackElo "2014"]
[PlyCount "49"]
[EventDate "2004.06.20"]

1. e4 e6 2. d4 d5 3. Nc3 Bb4 4. Bd2 dxe4 5. Qg4 Nf6 6. Qxg7 Rg8 7. Qh6 Nc6 8.
Bb5 Bd7 9. Nge2 Rxg2 10. Bg5 Be7 11. Bxf6 Bxf6 12. Nxe4 Rg6 13. Qxh7 Nxd4 14.
Nxf6+ Qxf6 15. Bxd7+ Kxd7 16. O-O-O Ke7 17. Nxd4 Rh8 18. Nf5+ exf5 19. Rhe1+
Kf8 20. Rd8+ Qxd8 21. Qxh8+ Rg8 22. Qh6+ Rg7 23. Qh8+ Rg8 24. Qh6+ Rg7 25. Rg1
1-0